|
|
|
|
| LEADER |
00000nab a2200000 a 4500 |
| 001 |
vtls000025106 |
| 003 |
SK-MaSNL |
| 005 |
20260303183525.0 |
| 008 |
111103c1979 xo 0 slo |
| 015 |
|
|
|a SNBRB19rr/mm-uuuuu
|
| 035 |
|
|
|a CL0035200
|
| 040 |
|
|
|a SNKBUCL
|b slo
|c SNKBUCL
|e AACR2
|
| 041 |
0 |
|
|a slo
|
| 044 |
|
|
|a xo
|c SK
|
| 080 |
|
|
|a 631.1
|2 1981
|
| 080 |
|
|
|a 663/665
|2 1981
|
| 080 |
|
|
|a 330.3
|2 1981
|
| 080 |
|
|
|a 69
|2 1981
|
| 100 |
1 |
|
|a Janovic, Ján,
|d 1925-1995
|4 aut
|9 56634
|
| 245 |
1 |
0 |
|a Základnou požiadavkou je obnovenie dynamického rastu celého poľnohospodárstva
|c Ján Janovic
|
| 650 |
0 |
7 |
|a poľnohospodárstvo
|2 snkbucl
|9 679
|
| 650 |
0 |
7 |
|a potravinársky priemysel
|2 snkbucl
|9 974
|
| 650 |
0 |
7 |
|a výstavba investičná
|2 snkbucl
|9 677195
|
| 655 |
|
7 |
|a články z novín a časopisov
|2 snkbucl
|9 267496
|
| 773 |
0 |
|
|t Informácie MPVž SSR
|g Roč. 7, č. 1 (1979), s. 2-11
|
| 850 |
|
|
|a Slovenská národná knižnica v Martine
|a MTA001
|
| 852 |
|
|
|a SNK
|b KIS3GCP
|
| 958 |
|
|
|a RK
|
| 992 |
|
|
|a RBX
|
| 999 |
|
|
|c 2121602
|d 2123532
|